000 00459nam a22001817a 4500
003 MPLRDC
005 20220104123419.0
008 210129b ||||| |||| 00| 0 eng d
020 _a957-8512-27-9
082 _a889 ROMA v.4
100 _a派西. 丽亚
245 _a邂逅在今生
_c龙吟译
260 _a
_b精美出版社
_c1981
300 _b
490 _a丽心ROMANCE. 4
650 _a西洋小说之中文翻译
942 _cBK
_o889 ROMA v.4
999 _c11230
_d11220